| 000 | 00745nam a2200181 a 4500 | ||
|---|---|---|---|
| 001 | 000027324 | ||
| 005 | 20240305085225.0 | ||
| 008 | 110331s2002 dr ac 000 | spa d | ||
| 020 | _a9993402818 | ||
| 040 |
_aDO-SdBNP _bspa _cBNPHU |
||
| 100 | 1 |
_aBarinas Coiscou, Sócrates, _d1916-2021 _924379 |
|
| 245 | 1 | 0 |
_aCompendio de un siglo de historia patria : _b1800-1900, un siglo al rescate de la dominicanidad / _cSócrates Barinas Coiscou ; editado por Domingo Peña Nina ; prólogo de Fernando Pérez Memén. |
| 260 |
_aSanto Domingo : _b[s.n.], _c2002. _f(Impresos Comando) |
||
| 300 |
_a251 p. : _bil., retrs. ; _c28 cm. |
||
| 700 | 1 |
_aPeña Nina, Domingo, _eed. _919121 |
|
| 700 | 1 |
_aPérez Memén, Fernando, _d1943- _epról. _938744 |
|
| 049 | _aBNPD | ||
| 999 |
_c26816 _d26816 |
||